00857nam a22002417a 450000500170000001000140001702000230003102000260005403500130008003700130009308200170010610000250012324500790014826000370022727000470026430000280031165000310033965000240037065000310039494200310042599900170045695201420047320100803170027.0 aENG-97958 a8188965588c300.00 a9788188965588c300.00 aEN-81491 bDBAD/PUB a307.14088042 aShiva, Vandana91433 aStaying alive :bwomen, ecology and survival in India /cby Vandana Shiva  aNew DelhibWomen Unlimitedc2010 aK-36, Hauz Khas EnclavebNew Delhie110016 axxix, 224p.c22cm (pbk) aEnvironmental policy96804 aHuman ecology96805 aWomen in development96806 2ddccENh307.14088042mSHI c39082d39082 001040718NFICaDBADbDBADd2010-08-03eDBAD/PUBg300.00l0o307.14088042 SHIpEN-81491r2010-08-03 00:00:00t1v300.00w2010-08-03yEN